00861nam a22002297a 4500003000500000005001700005008004100022020003000063040002300093082002100116100001300137110002700150245016600177250001900343260004700362300002400409500007300433521003000506650003900536651001700575700003900592322820240109151254.0240109b sa ||||| |||| 00| 0 eng d a9781770098800cPaper Back bEnglishc3228erda 223a323.0968SHER aJohns S. aJacana Media (Pty) Ltd aFrom The Protest to Challenge Volume 1bA History of African Politics in South Africa, 1882-1990cwritten by Sheridan Johns;Sunnyside;Jacana Media (Pty) Ltd:2014 aSecond Edition aSunnyside:bJacana Media (Pty) Ltd;cc2014 ajy584 Pages.;c23cm aA Documentary History of African Politics in South Africa, 1882-1990 aAdult Non-Fiction:-Adults 2From Protest to Challenge Volume 1 2South Africa aGail M. Gerhart and Sheridan Johns